000 00796nam a22002777a 4500
003 DO-SdBPM
005 20250318125505.0
008 210426b 2013 ch 00| 0 spa d
020 _a9787513804295
040 _aDO-SdBPM
_bspa
_cBPMSU
082 4 _bB576cu 2013
_a895.13
_222
092 _a
100 1 _aZhang, Mei
_d
245 1 0 _aCuentos de los cien apellidos /
_c Bi Yanli, Wu Mingqun
260 _aChina ;
_bSinolingua ;
_c2013
_b
300 _a192 p. :
_bils. ;
_c27 cm.
500 _3
590 _aInventariado, 2025/VM
650 4 _aCuentos juveniles chinos
_2
650 4 _aFamilia
_v Cuentos chinos
650 4 _aLiteratura juvenil china
700 1 _3Mingqun, Wu
_eilustraciones
710 1 _a Sinolinguo
910 _aVMateo V. Control de calidad. BPMSU
942 _2ddc
_cBK
999 _c15011
_d15011